|
|
|
|
| LEADER |
00611cam a2200205 a 4500 |
| 001 |
0000095868 |
| 005 |
20110816090000.0 |
| 040 |
|
|
|a mod
|
| 041 |
|
|
|a eng
|
| 020 |
0 |
0 |
|a 0822101114
|
| 090 |
0 |
0 |
|a 327.51
|b NOR
|e 1974
|
| 100 |
1 |
0 |
|a North
|h Robert C.
|
| 245 |
1 |
4 |
|a The Foreign relations of China
|c by Robert C. North
|
| 250 |
0 |
0 |
|a 2nd ed.
|
| 260 |
0 |
0 |
|a California
|b Ventura Boulevard
|c 1974
|
| 300 |
0 |
0 |
|a x, 172 p.
|c 23 cm
|
| 440 |
0 |
0 |
|a Comparative Foreign Relations Series.
|
| 651 |
0 |
0 |
|a China
|x Foreign Relations
|y 1949-1976
|
| 852 |
0 |
0 |
|a 01
|
| 999 |
|
|
|a 1000000867
|b Maktab Pertahanan Angkatan Tentera
|d BOOKS
|e Umum
|f MPAT
|j AVAILABLE
|q OLD
|